000 01013nam a22002297a 4500
001 74652
003 BD-RjUL
005 20211209082602.0
008 181112s2017 bg a|||| b||| 00| 0 ben d
035 _a(BD-RjUL)74870
040 _aBD-RjUL
_beng
_cBD-RjUL
041 _aeng
082 _223
_a954.920922
_bRAP 2017
100 _aরহমান, কাজী মোঃ মোস্তাফিজুর
_9224856
245 _aপুঠিয়ার রাজবংস :
_bইতিহাস ও স্থাপত্য /
_cকাজী মোঃ মোস্তাফিজুর রহমান
260 _aঢাকা :
_bবাংলা একাডেমি,
_c২০১৭
300 _a[বিশ], ২৪৪ পৃ. :
_bচিত্র ;
_c২২ সেমি.
504 _aবিবলিওগ্রাফি ও ইনডেক্স সম্বিলত।
650 _aPuthia (Bangladesh)
_xKings and rulers
_xBiography.
_9224857
650 _aKings and rulers.
_9224858
942 _2ddc
_cBK
999 _c74652
_d74652